000
00280 a2200145 4500
001
64431
020
_a
23170956
040
_c
Anchieta - Pituba
240
1
0
_a
Entreideias
_l
por
245
1
0
_a
Entreideias
300
_a
183
362
0
_a
2014
650
4
_a
Educação
942
_c
BK
999
_c
64431
_d
64431